| 000 | 00504cam a2200205 4500 | ||
|---|---|---|---|
| 001 | B1700 | ||
| 008 | 090401t1988 xxu||||| |||| 00| 0 eng d | ||
| 035 | _a(Sirsi) u45854 | ||
| 041 | _aeng | ||
| 050 | _a338.181 | ||
| 100 | _aTownsend-Rose, J.C. | ||
| 245 | _aTransfer of potato quota | ||
| 260 |
_aLondon _bCountry Landowners Association _c1988 |
||
| 300 | _a4p. ; 21cm. | ||
| 350 | _a0 | ||
| 520 | _aCover title: Potato quotas. | ||
| 650 | _aPOTATO QUOTAS | ||
| 942 | _n0 | ||
| 948 | _c04/03/1997 | ||
| 999 |
_c91834 _d91834 |
||